000 00492nam a22001817a 4500
999 _c524497
_d524497
003 NUST
020 _a-
038 _aZafar Malik
082 _a891.42
_bNAS
100 _aNasir, Malik Shah Sawar Ali
_915310
245 _aNikki Kahani /
_cMalik Shah Sawar Nasir
260 _aLahore
_bIdara Punjabi Likharian
_c2017
300 _a112 p. ;
500 _aHardcover
880 _6100-02\r
_aملک شاہ سوار علی ناصر
880 _6245-02\r
_aنکی کہانی
942 _2ddc
_cBK